000 00467nam a2200181Ia 4500
005 20250326124922.0
008 250326s9999 xx 000 0 und d
037 _aTextbook
040 _aFMSL
_beng
_cFMSL
041 _aeng
_2eng
084 _aX:8F K75
_qFMSL
100 _aGeller L
_9738210
245 0 _aAccounting
_cGeller L
260 _aBoston
_bBoston, D C Heath
_c1967
300 _a152p
942 _cTB
_hX:8F K75
999 _c1275765
_d1275765